Top 10 Città più popolose Città Metropolitana di Bari - Statistics

Statistiche generali
  • Questo quiz è stato fatto 54 volte
  • Il punteggio medio è 6 su 10
Statistiche sulle risposte
Popolazione (ab.) Città % Corretto
316 015 Bari
100%
69 880 Altamura
85%
60 272 Molfetta
80%
53 168 Bitonto
78%
49 603 Monopoli
73%
38 344 Modugno
53%
47 033 Corato
50%
27 949 Gioia del Colle
50%
44 254 Gravina in Puglia
33%
27 550 Santeramo in Colle
13%
Nessun quiz corrispondente trovato
Distribuzione punteggi
Percentuale di utenti per punteggio
Percentile per numero di risposta
I tuoi punteggi nel tempo
Non hai fatto questo quiz